How things work

Bibliographic Details
Main Author: Farndon, John
Corporate Author: Title
Format: Book
Published: London : Miles Kelly Publishing , 2004
Series:Science library
Subjects:

MARC

LEADER 00000cam a2200000 7i4500
001 0000005610
005 20151222.0
008 070808
020 |a 1842362887 
090 0 0 |a JF   |b SC ENG (5790) 
100 1 |a Farndon, John 
245 1 0 |a How things work   |c John Farndon 
260 |a London :   |b Miles Kelly Publishing ,   |c 2004 
440 |a Science library 
500 |a Children ages 7-9 years old (orange) 
650 0 |a Junior fiction   |x English   |x Languages 
650 0 |a Science 
710 0 |a Title 
999 |a 0000980904   |b Book   |c REFERENCE   |e Cawangan Mersing 
999 |a 0000980905   |b Book   |c REFERENCE   |e Cawangan Urban Transformation Centre 
999 |a 0000980906   |b Book   |c Children Collection   |e Cawangan AEON Kulaijaya 
999 |a 0000980907   |b Book   |c REFERENCE   |e Perbadanan Perpustakaan Awam Johor 
999 |a 0001049696   |b Book   |c Children Collection   |e Cawangan Pontian 
999 |a 0001049697   |b Book   |c Children Collection   |e Cawangan Mersing 
999 |a 0001132701   |b Book   |c Children Collection   |e Cawangan Segamat 
999 |a 0001132704   |b Book   |c Children Collection   |e Cawangan Pontian 
999 |a 0001132709   |b Book   |c Children Collection   |e Cawangan Bandar Penawar 
999 |a 0001132710   |b Book   |c Children Collection   |e Cawangan Batu Pahat 
999 |a 0001132711   |b Book   |c Children Collection   |e Cawangan Tangkak 
999 |a 000132708   |b Book   |c Children Collection   |e Cawangan Taman Universiti